| 000 | 00507nam a22001817a 4500 | ||
|---|---|---|---|
| 008 | 150716b xxu||||| |||| 00| 0 alb d | ||
| 020 | _a9789995648527 | ||
| 041 | 0 | _aalb | |
| 080 | _a658.8 | ||
| 100 | _a Elmazi (Billa), Liliana ; | ||
| 245 |
_aStrategjia Marketing : _cLiliana Elmazi (Billa) ; |
||
| 260 |
_aTiranë : _bKumi, _c2010. |
||
| 300 |
_a843 f. ; _c24 cm. |
||
| 505 | _aBibliogr. f. 841-843. | ||
| 505 | _aL.1500, pa tir. | ||
| 650 | 0 | _aMarketingu | |
| 942 |
_2udc _cBK |
||
| 999 |
_c1126 _d1126 |
||